000 00754nam a2200229Ia 4500
001 15944
003 GE_BSU
008 181216s||||||||xx |||||||||||||| ||und||
040 _cGE_BSU
080 _a821.353.1-1
100 _aჯანგულაშვილი, თეიმურაზ
245 _aცხრაასორმოცდახუთი
245 _bლექსები
245 _cრედ.ა.შენგელია. მხატვ. ა.კანდელაკი
260 _aთბილისი
260 _bსაბლიტგამი
260 _c1948
300 _a64გვ. ; 20სმ
653 _aლექსები
653 _aცხრაასორმოცდახუთი
942 _cBK
999 _c49038
_d49038